| 000 | 00385nam a2200097Ia 4500 | ||
|---|---|---|---|
| 008 | 220216s9999 xx 000 0 und d | ||
| 100 | _aSetua D K | ||
| 245 | 0 | _aRubber technology: R&D contributions, technology directions and challenges for some defence supplies | |
| 260 | _bProceedings of the Asia Rub Tech Expo, 23-25 November 2006, Indian Rubber Institute, Kochi. pp.92. | ||
| 942 | _cJS | ||
| 999 |
_c68026 _d68026 |
||